1992 Election Night - Statistics

General Stats
  • This quiz has been taken 12 times
  • The average score is 39 of 56
Answer Stats
Time Called EST Electoral Votes Answer % Correct
11:00 PM 54 California
100%
11:51 PM 32 Texas
100%
Wed. 3 Alaska
88%
7:00 PM 13 Georgia
88%
11:00 PM 4 Hawaii
88%
8:00 PM 22 Illinois
88%
7:08 PM 12 Indiana
88%
Wed. 3 Montana
88%
9:00 PM 2 Nebraska
88%
7:00 PM 4 New Hampshire
88%
9:00 PM 33 New York
88%
7:00 PM 3 Vermont
88%
8:00 PM 8 Connecticut
75%
Wed. 25 Florida
75%
8:00 PM 2 Maine
75%
8:00 PM 1 Maine-1
75%
8:00 PM 1 Maine-2
75%
9:00 PM 10 Minnesota
75%
9:00 PM 1 Nebraska-1
75%
9:00 PM 1 Nebraska-2
75%
9:00 PM 1 Nebraska-3
75%
8:00 PM 15 New Jersey
75%
9:00 PM 5 New Mexico
75%
11:00 PM 3 North Dakota
75%
11:00 PM 21 Ohio
75%
10:00 PM 5 Utah
75%
11:00 PM 9 Alabama
63%
8:30 PM 6 Arkansas
63%
9:00 PM 8 Colorado
63%
8:57 PM 3 Delaware
63%
8:00 PM 3 District of Columbia
63%
10:00 PM 4 Idaho
63%
11:00 PM 6 Kansas
63%
8:12 PM 8 Kentucky
63%
9:57 PM 9 Louisiana
63%
8:00 PM 18 Michigan
63%
11:00 PM 7 Mississippi
63%
8:00 PM 11 Missouri
63%
Wed. 4 Nevada
63%
Wed. 14 North Carolina
63%
11:00 PM 7 Oregon
63%
8:00 PM 23 Pennsylvania
63%
9:00 PM 4 Rhode Island
63%
8:22 PM 8 South Carolina
63%
11:34 PM 3 South Dakota
63%
9:19 PM 13 Virginia
63%
11:00 PM 11 Washington
63%
7:30 PM 5 West Virginia
63%
11:00 PM 11 Wisconsin
63%
11:05 PM 3 Wyoming
63%
10:00 PM 7 Iowa
50%
8:00 PM 10 Maryland
50%
8:00 PM 12 Massachusetts
50%
8:33 PM 8 Oklahoma
50%
8:39 PM 11 Tennessee
50%
Wed. 8 Arizona
38%
No matching quizzes found
Score Distribution
Percent of People with Each Score
Percentile by Number Answered
Your Score History
You have not taken this quiz